BHAJAN KATHA AARTI SANGRAH (Record no. 8337)

MARC details
000 -LEADER
fixed length control field 00325nam a22001337a 4500
005 - DATE AND TIME OF LATEST TRANSACTION
control field 20230726120646.0
008 - FIXED-LENGTH DATA ELEMENTS--GENERAL INFORMATION
fixed length control field 230726b |||||||| |||| 00| 0 eng d
041 ## - LANGUAGE CODE
Language code of text/sound track or separate title eng
100 ## - MAIN ENTRY--AUTHOR NAME
Personal name KATARIA, SHETAL
245 ## - TITLE STATEMENT
Title BHAJAN KATHA AARTI SANGRAH
260 ## - PUBLICATION, DISTRIBUTION, ETC. (IMPRINT)
Place of publication NEW DELHI
Name of publisher S.K. KATARIA & SONS
300 ## - PHYSICAL DESCRIPTION
Number of Pages 112;p
942 ## - ADDED ENTRY ELEMENTS (KOHA)
Koha item type Books
Holdings
Lost status Damaged status Collection code Home library Current library Shelving location Date acquired Source of acquisition Full call number Accession Number Koha item type
    ENGLISH LITERATURE JRU Library JRU Library SHELF-103-B 25/07/2023 DONATION 294.54 0009/D Books